[Event "Stay Safe Play From Home 358"]
[Site "Emanuel Lasker Arena"]
[Date "2020.08.05"]
[Round "5"]
[White "SelamiSahin"]
[Black "AChessPlayer"]
[Result "1-0"]
[WhiteElo "2118"]
[BlackElo "2398"]
[Annotator "TA"]
[PlyCount "43"]
[EventDate "2020.08.05"]
[EventType "swiss (blitz)"]

{[%evp 14,42,25,27,49,42,79,44,53,33,34,32,32,19,36,-75,-69,-225,238,242,475,460,851,865,1207,1077,29996,29997,29997,29998,29999]} 1. d4 c6 2. c3 d5 3. Bf4 Nf6 4. Nf3 g6 5. Nbd2 Bg7 6. e3 O-O 7. h3 Nbd7 8. Bd3 Ne8 {D02: 1 d4 d5 2 Nf3 sidelines, including 2...Nf6 3 g3 and 2...Nf6 3 Bf4.} 9. O-O {[#]} Ndf6 $146 ({Predecessor:} 9... f6 10. Bh2 e5 11. Bc2 e4 12. Ne1 f5 13. f3 exf3 14. Qxf3 Ndf6 15. Qe2 Nd6 16. Ndf3 {0-1 (41) Pedraza Hernandez,J (1647)-Soto,M (1969) Bogota 2015}) 10. Bh2 Nd6 {White is slightly better.} 11. Ne5 Nfe4 12. Nxe4 dxe4 13. Bc2 f6 14. Ng4 {[#]} (14. Bb3+ $14 Kh8 15. Nc4) 14... h5 $1 $17 {[%cal Rh5g4]} 15. f3 $2 (15. Bxd6 $1 $15 exd6 16. Nh2) 15... h4 $4 {[%mdl 8192]} (15... hxg4 $19 {and life is good for Black.} 16. Bb3+ e6 17. hxg4 a5 18. fxe4 a4 19. Bxa4 Nc4) 16. fxe4 $18 ({Inferior is} 16. Bxe4 f5 $11) 16... Bxg4 $2 (16... Qe8 {might work better.} 17. e5 Nc4) 17. Qxg4 g5 (17... Qe8 $142 18. Bb3+ Kh7 19. Qxh4+ Bh6) 18. e5 Qc8 19. Qh5 {[#] White threatens Bh7+ and mate.} Ne8 20. Bh7+ {White mates.} Kh8 21. Bg6+ Kg8 22. Qh7# {Accuracy: White = 51%, Black = 32%.} 1-0

[Event "Stay Safe Play From Home 358"]
[Site "Emanuel Lasker Arena"]
[Date "2020.08.05"]
[Round "5"]
[White "TheCHESSHOUSE"]
[Black "NTBT_DHS"]
[Result "0-1"]
[WhiteElo "2106"]
[BlackElo "2601"]
[Annotator "TA"]
[PlyCount "74"]
[EventDate "2020.08.05"]
[EventType "swiss (blitz)"]

{[%evp 27,74,46,45,-16,60,45,101,53,65,6,99,0,0,-21,261,193,152,155,210,202,214,227,202,191,185,143,246,202,225,222,204,23,237,71,86,36,43,18,8,-616,-597,-738,-702,-1062,-348,-1101,-1089,-991,-885]} 1. d4 g6 2. c4 Bg7 3. Nc3 Nf6 4. e4 O-O 5. Nf3 d6 6. Be2 e5 7. O-O Nc6 8. d5 Ne7 9. Ne1 Nd7 10. Be3 f5 11. f3 f4 12. Bf2 g5 13. g4 fxg3 14. hxg3 Ng6 15. Kg2 {E99: King's Indian: Classical Main Line: 9 Ne1 Nd7 10 f3 f5.} (15. Qd2 $14) 15... Nf6 (15... h5 $1 $11) 16. Nd3 {[#]} c5 $146 (16... Qd7 $14 17. Rh1 g4) ({Predecessor:} 16... h5 17. Rh1 g4 18. fxg4 Nxg4 19. Qg1 Qg5 20. Rf1 h4 21. Bxg4 Qxg4 22. Be1 hxg3 23. Rxf8+ Bxf8 24. Qe3 Nh4+ 25. Kg1 Nf3+ 26. Kg2 Nh4+ 27. Kg1 {½-½ (27) Pieczonka,M (2144)-Michniewski,T (2190) Warsaw 2009}) 17. dxc6 {White is better.} bxc6 18. Qd2 (18. Rh1 $14) 18... Be6 (18... g4 $11) 19. b3 ({White should play} 19. Qxg5 $16 {And now b3 would win.} Bxc4 20. b3) 19... g4 $11 20. fxg4 d5 $2 {[%mdl 8192] [#]} (20... Nxg4 $11 {and Black has nothing to worry.} 21. Be3 Nxe3+ 22. Qxe3 Qa5) 21. cxd5 cxd5 22. Nc5 $36 {[%mdl 2048] Black is under strong pressure.} Bf7 (22... Bxg4 $16 23. Bxg4 Nxg4) 23. g5 $18 Nxe4 24. N3xe4 dxe4 25. Qxd8 ({But not} 25. Nxe4 $6 Qxd2 26. Nxd2 Bd5+ 27. Kg1 e4 $16) 25... Raxd8 26. Be3 Bd5 (26... Ne7 $16) 27. Rad1 {Threatens to win with Rxf8+.} Rxf1 28. Kxf1 ({Don't do} 28. Rxf1 $6 Ne7 $16) 28... Ne7 {intending ...Nf5.} 29. Kg2 $2 (29. Bg4 $18) 29... Bf8 $2 {[#]} (29... Nf5 $11 {and Black stays safe.} 30. Kf2 Nd4) 30. Ne6 $2 (30. Bg4 $1 $18) 30... Rc8 $16 31. Nxf8 Kxf8 32. Rf1+ Kg7 33. Rf2 $2 {[%mdl 8192]} (33. Rc1 $11) 33... Rc3 $19 34. Bxa7 e3+ 35. Rf3 Rc2 $2 (35... Nc6 36. Bxe3 Rxe3 {[%mdl 64] Pin}) 36. Kf1 $2 (36. Kg1 Rxe2 37. Rxe3 Rxa2 38. Bc5) 36... Bxf3 37. Bxf3 Rf2+ {[%mdl 64] Double Attack. Accuracy: White = 17%, Black = 35%.} 0-1

[Event "Stay Safe Play From Home 358"]
[Site "Emanuel Lasker Arena"]
[Date "2020.08.05"]
[Round "5"]
[White "Greblha"]
[Black "Gokerkan"]
[Result "0-1"]
[WhiteElo "1968"]
[BlackElo "2564"]
[Annotator "TA"]
[PlyCount "42"]
[EventDate "2020.08.05"]
[EventType "swiss (blitz)"]

{[%evp 9,42,0,0,0,0,-427,-427,-433,-431,-424,-396,-486,-489,-486,-486,-568,-583,-575,-594,-669,-650,-875,-871,-1197,-1151,-1544,-1484,-1895,-1353,-2283,-1521,-1507,-1462,-29991,-29992]} 1. e4 d5 2. Nc3 d4 3. Nce2 e5 4. Ng3 c5 5. Nf3 Nc6 6. Bc4 {A00: Irregular Openings.} h5 $5 {[%mdl 4] [#] A promising side line.} 7. Ng5 $146 {[%mdl 8192] [#]} (7. h3 $11) ({Predecessor:} 7. Nf1 g5 8. d3 g4 9. Ng1 f5 10. exf5 Bxf5 11. Ng3 Qd7 12. h3 Nf6 13. Bg5 Be7 14. hxg4 Bxg4 {1-0 (21) Tauriainen,M (2136)-Kangasniemi,J (1876) Finland 2014}) 7... Qxg5 $19 8. d3 {Black is clearly winning.} Qg6 9. h4 Be6 10. Bg5 Bxc4 11. dxc4 Be7 12. f4 exf4 13. Bxf4 Bd6 14. e5 Bxe5 15. Bxe5 Nxe5 16. Qe2 Qxg3+ 17. Kd2 O-O-O {[#] ...d3 is the strong threat.} 18. Rae1 Re8 19. Rh3 Qf4+ 20. Kd1 Nf6 {( -> ...Nxc4)} 21. Rf3 Nxf3 {[%mdl 64] Pin. White got outplayed after the opening. Accuracy: White = 44%, Black = 88%.} 0-1

[Event "Stay Safe Play From Home 358"]
[Site "Emanuel Lasker Arena"]
[Date "2020.08.05"]
[Round "6"]
[White "Gokerkan"]
[Black "NTBT_DHS"]
[Result "0-1"]
[WhiteElo "2565"]
[BlackElo "2602"]
[Annotator "TA"]
[PlyCount "92"]
[EventDate "2020.08.05"]
[EventType "swiss (blitz)"]

{[%evp 9,91,7,36,5,33,36,49,28,33,37,42,3,28,0,15,12,19,19,14,-16,25,17,31,-16,-16,-17,-14,-8,-24,-66,-66,-71,-62,-70,-63,-89,-60,-114,-19,-17,-17,-17,-16,-20,-20,-20,-22,-48,0,0,0,0,0,-30,-55,-48,0,-8,0,-208,17,-150,-82,-143,0,0,0,0,0,-371,-371,-371,-345,-1559,-928,-29982,-2242,-29987,-29968,-29998,-29999,-29999,-29999,-29999]} 1. e4 g6 2. Nf3 Bg7 3. Bc4 d6 4. O-O Nf6 5. Re1 O-O 6. h3 {B06: Modern Defence.} Nc6 7. d4 e5 8. dxe5 {[#] White is slightly better.} (8. c3 {is more complex.} Re8 9. d5 Ne7 10. Bf1 c6 11. c4) 8... Nxe5 $146 ({Predecessor:} 8... dxe5 9. Qxd8 Rxd8 10. Nc3 {½-½ (10) Mendlewicz,M-Horta,A Rio de Janeiro 2000}) 9. Nxe5 dxe5 10. Qe2 c6 11. Nc3 b5 12. Bb3 a5 {And now ...a4 would win.} 13. a4 b4 14. Na2 Qb6 15. Be3 c5 16. Qc4 Be6 $36 {[%mdl 2048] Black fights for an advantage.} 17. Qxc5 Qxc5 18. Bxc5 Rfc8 19. Bxe6 fxe6 20. Bd6 Rxc2 21. Bxe5 Nd7 22. Bxg7 Kxg7 23. Rab1 ({White should try} 23. b3 $15) 23... Nc5 ({Black should play} 23... Nb6 $17 24. Nc1 Nxa4) 24. Rec1 $11 Rxc1+ 25. Rxc1 Nxa4 {[%mdl 4096] Endgame KRN-KRN} 26. Rc7+ Kf6 27. b3 Nb2 28. Nc1 a4 29. bxa4 Rxa4 30. Kh2 Ra1 31. Nb3 Ra3 32. Nd4 Rd3 (32... Ke5 $5 {[%cal Re5d4]} 33. Rd7 Nd3 $17) 33. Nc6 b3 {Hoping for ...Nc4.} 34. f3 $2 {[#]} (34. f4 $11 {and White is okay.} g5 35. Ne5 gxf4 36. Nxd3 Nxd3 37. Rb7) 34... Nd1 $2 ({Better is} 34... Nc4 $1 $19 {...b2 is the strong threat.} 35. Rb7 b2) 35. Kg3 $2 (35. f4 $11 Rc3 36. g4) 35... g5 (35... Rc3 $142 {White must now prevent ...b2.} 36. Kh4 e5) 36. Kg4 $17 {[#]} b2 (36... e5 $1 $17 37. Rxh7 b2) 37. e5+ $1 $11 Kg6 {( -> ...Ne3+)} 38. Ne7+ Kf7 39. Rb7 $2 {[%mdl 8192] [#]} (39. Nf5+ $1 $11 {and White has nothing to worry.} Kg8 40. Rc8+ Kf7 41. Rc7+ Kf8 42. Rc8+ Kf7 43. Rc7+) 39... Rd7 $1 $19 {[%mdl 576] Promotion} 40. Rxd7 b1=Q 41. Nd5+ $2 (41. Nf5+ Ke8 42. Re7+ Kd8 43. Rxe6) 41... Kf8 42. Rd8+ Kg7 43. Rd7+ Kh6 {Black mates.} 44. Nf6 Qf5+ {[%mdl 64] Double Attack} 45. Kg3 Qxe5+ 46. Kg4 Qf4# {Accuracy: White = 44%, Black = 69%.} 0-1

[Event "Stay Safe Play From Home 358"]
[Site "Emanuel Lasker Arena"]
[Date "2020.08.05"]
[Round "6"]
[White "Tran Minh Thang"]
[Black "Tolka"]
[Result "1/2-1/2"]
[WhiteElo "2564"]
[BlackElo "2316"]
[Annotator "TA"]
[PlyCount "72"]
[EventDate "2020.08.05"]
[EventType "swiss (blitz)"]

{[%evp 10,72,0,0,0,0,24,2,62,62,50,40,46,33,102,94,102,83,95,89,89,93,91,89,91,74,73,42,42,48,46,49,54,43,65,68,290,285,365,367,602,0,683,564,584,177,285,0,0,0,0,0,0,0,0,0,0,0,0,0,0,0,0,0,0]} 1. d4 d6 2. Bf4 Nf6 3. e3 g6 4. Nd2 Bg7 5. Ngf3 O-O 6. c3 Qe8 {A48: 1 d4 Nf6 2 Nf3 g6: Torre, London and Colle Systems.} 7. h3 {[#]} Nfd7 $146 ({Predecessor:} 7... Nc6 8. Bh2 e5 9. dxe5 Nxe5 10. Nxe5 dxe5 11. Nc4 Nd7 12. Be2 Qe7 13. b4 e4 14. Rc1 {½-½ (48) Ftacnik,L (2513)-Vokac,M (2348) Prague 2020}) 8. Bh2 c6 (8... e5 $11) 9. Be2 e5 10. O-O e4 11. Ne1 d5 ({Better is} 11... Qe7 $14) 12. Bd6 $16 Nf6 13. Bxf8 (13. Qb3 {feels hotter.} Nbd7 14. a4 a5 15. c4 b6 16. Nc2) 13... Qxf8 14. f3 Qe7 15. fxe4 Nxe4 16. Nxe4 Qxe4 17. Qd3 {aiming for Qxe4.} (17. Nc2 {looks sharper.} f5 18. Bd3 Qe7 19. c4 Nd7 20. c5) 17... Qe7 18. Bg4 Bxg4 19. hxg4 Nd7 20. Nf3 Nf6 21. Ne5 Ne4 22. Rxf7 Qe6 $2 ({Black should try} 22... Qh4 $1 $14 23. Rf4 Ng3) 23. Raf1 $18 Bxe5 24. dxe5 Qxg4 $2 {[#]} (24... Qxf7 25. Rxf7 Kxf7) 25. Rxb7 $2 (25. Qd4 $1 $18 Qe6 26. Rxb7) 25... Ng5 $2 {[%mdl 8192]} (25... Nc5 $11 26. Rff7 Nxd3 27. Rg7+ Kh8 28. Rxh7+ Kg8 29. Rbg7+ Kf8 30. Rf7+ Ke8) 26. e4 dxe4 27. Qe3 $2 (27. Qc4+ Qe6 28. Qxe6+ Nxe6 29. Rf6) 27... Rd8 {[#]} (27... Nf3+ {is a better defense.} 28. Rxf3 exf3 29. Qxf3 Qxf3 30. gxf3 h5) 28. Qxa7 $2 (28. Rb4 $1 $18) 28... Nf3+ $1 $11 {The position is equal.} 29. Rxf3 $1 {Threatening mate with Rg7+.} Rd1+ 30. Rf1 Rxf1+ 31. Kxf1 Qd1+ 32. Kf2 {White wants to mate with Rb8+.} Qd2+ 33. Kg3 Qg5+ {[%mdl 64] Double Attack} 34. Kf2 Qd2+ 35. Kf1 {White threatens Rb8+ and mate.} Qd1+ 36. Kf2 {Rb8+ would kill now.} Qd2+ {White really could win this. Accuracy: White = 70%, Black = 55%.} 1/2-1/2

[Event "Stay Safe Play From Home 358"]
[Site "Emanuel Lasker Arena"]
[Date "2020.08.05"]
[Round "6"]
[White "BrainThinker22"]
[Black "Lamborghini"]
[Result "0-1"]
[WhiteElo "2400"]
[BlackElo "2271"]
[Annotator "NA RC"]
[PlyCount "124"]
[EventDate "2020.08.05"]
[EventType "swiss (blitz)"]

1. e4 {[%emt 0:00:01]} c5 {[%emt 0:00:02]} 2. Nc3 {[%emt 0:00:00]} d6 {[%emt 0:00:00]} 3. g3 {[%emt 0:00:00]} Nc6 {[%emt 0:00:01]} 4. Bg2 {[%emt 0:00:00]} Bd7 {[%emt 0:00:00]} 5. d3 {[%emt 0:00:00]} Qc8 {[%emt 0:00:00]} 6. Be3 {[%emt 0:00:01]} e5 {[%emt 0:00:01]} 7. Qd2 {[%emt 0:00:01]} Rb8 {[%emt 0:00:01]} 8. a3 {[%emt 0:00:01]} h5 {[%emt 0:00:01]} 9. h3 {[%emt 0:00:01]} b5 {[%emt 0:00:02]} 10. Nge2 {[%emt 0:00:00]} a5 {[%emt 0:00:01]} 11. f4 {[%emt 0:00:00]} Nf6 {[%emt 0:00:02]} 12. f5 {[%emt 0:00:01]} g6 {[%emt 0:00:01]} 13. fxg6 {[%emt 0:00:01]} fxg6 {[%emt 0:00:01]} 14. O-O {[%emt 0:00:00]} Be7 {[%emt 0:00:02]} 15. Kh2 {[%emt 0:00:01]} Be6 {[%emt 0:00:04]} 16. Nd5 {[%emt 0:00:03]} Bxd5 {[%emt 0:00:01]} 17. exd5 {[%emt 0:00:00]} Nd4 {[%emt 0:00:02]} 18. Nxd4 {[%emt 0:00:00]} cxd4 {[%emt 0:00:01]} 19. Bg5 {[%emt 0:00:00]} O-O {[%emt 0:00:02]} 20. c3 {[%emt 0:00:03]} dxc3 {[%emt 0:00:02]} 21. bxc3 {[%emt 0:00:00]} Qd8 {[%emt 0:00:01]} 22. d4 {[%emt 0:00:03]} Ng4+ {[%emt 0:00:02]} 23. hxg4 {[%emt 0:00:02]} Bxg5 {[%emt 0:00:00]} 24. Qd3 {[%emt 0:00:00]} Kg7 {[%emt 0:00:04]} 25. dxe5 {[%emt 0:00:02]} hxg4 {[%emt 0:00:02]} 26. Qd4 {[%emt 0:00:11]} Rh8+ {[%emt 0:00:04]} 27. Kg1 {[%emt 0:00:01]} Qb6 {[%emt 0:00:01]} 28. Qxb6 {[%emt 0:00:03]} Rxb6 {[%emt 0:00:00]} 29. Rae1 {[%emt 0:00:02]} dxe5 {[%emt 0:00:01]} 30. Rxe5 {[%emt 0:00:01]} Bf6 {[%emt 0:00:00]} 31. Re3 {[%emt 0:00:03]} b4 {[%emt 0:00:01]} 32. axb4 {[%emt 0:00:01]} axb4 {[%emt 0:00:00]} 33. Be4 {[%emt 0:00:05]} bxc3 {[%emt 0:00:02]} 34. Re2 {[%emt 0:00:00]} Bd4+ {[%emt 0:00:01]} 35. Kg2 {[%emt 0:00:01]} Rb2 {[%emt 0:00:01]} 36. Rxb2 {[%emt 0:00:01]} cxb2 {[%emt 0:00:01]} 37. Bb1 {[%emt 0:00:00]} Re8 {[%emt 0:00:02]} 38. Rf4 {[%emt 0:00:01]} Re2+ {[%emt 0:00:01]} 39. Kf1 {[%emt 0:00:00]} Rd2 {[%emt 0:00:01]} 40. Ke1 {[%emt 0:00:01]} Bc3 {[%emt 0:00:01]} 41. Rc4 {[%emt 0:00:01]} Rc2+ {[%emt 0:00:01]} 42. Kd1 {[%emt 0:00:02]} Rc1+ {[%emt 0:00:00]} 43. Ke2 {[%emt 0:00:00]} Rxb1 {[%emt 0:00:02]} 44. Rxc3 {[%emt 0:00:00]} Re1+ {[%emt 0:00:00]} 45. Kxe1 {[%emt 0:00:00]} b1=Q+ {[%emt 0:00:00]} 46. Kd2 {[%emt 0:00:00]} Qe4 {[%emt 0:00:01]} 47. Rc7+ {[%emt 0:00:00]} Kf6 {[%emt 0:00:01]} 48. Rc3 {[%emt 0:00:00]} Qxd5+ {[%emt 0:00:01]} 49. Rd3 {[%emt 0:00:00]} Qg2+ {[%emt 0:00:00]} 50. Kc3 {[%emt 0:00:01]} Kg5 {[%emt 0:00:00]} 51. Rd4 {[%emt 0:00:00]} Qf3+ {[%emt 0:00:00]} 52. Kc4 {[%emt 0:00:00]} Kh5 {[%emt 0:00:00]} 53. Kc5 {[%emt 0:00:00]} g5 {[%emt 0:00:00]} 54. Rd5 {[%emt 0:00:00]} Qf7 {[%emt 0:00:01]} 55. Rd6 {[%emt 0:00:00]} Qf2+ {[%emt 0:00:01]} 56. Kc6 {[%emt 0:00:00]} Qxg3 {[%emt 0:00:00]} 57. Kc7 {[%emt 0:00:00]} Qxd6+ {[%emt 0:00:01]} 58. Kxd6 {[%emt 0:00:00]} g3 {[%emt 0:00:00]} 59. Kc6 {[%emt 0:00:00]} g2 {[%emt 0:00:00]} 60. Kd7 {[%emt 0:00:00]} g1=Q {[%emt 0:00:00]} 61. Ke8 {[%emt 0:00:00]} Qc5 {[%emt 0:00:01]} 62. Kf7 {[%emt 0:00:00]} Qe7+ {[%emt 0:00:00] Time Time Time Time Time (Lag: Av=0.46s, max=1.0s) (Lag: Av=0.46s, max=1.0s) (Lag: Av=0.46s, max=1.0s) (Lag: Av=0.46s, max=1.0s) (Lag: Av=0.46s, max=1.0s)} 0-1

[Event "Stay Safe Play From Home 358"]
[Site "Emanuel Lasker Arena"]
[Date "2020.08.05"]
[Round "6"]
[White "AChessPlayer"]
[Black "SoulofWolf"]
[Result "1-0"]
[WhiteElo "2370"]
[BlackElo "2166"]
[Annotator "TA"]
[PlyCount "65"]
[EventDate "2020.08.05"]
[EventType "swiss (blitz)"]

{[%evp 16,64,29,29,53,0,31,-19,64,51,112,102,114,15,13,-34,-23,-63,-79,-45,0,0,0,-19,-41,-108,0,-142,-147,-137,-117,-171,-163,-182,12,-166,97,-93,25,-895,-895,-888,-884,-922,-893,-959,-955,-929,-821,-917,29999]} 1. e4 c6 2. Nf3 d5 3. exd5 cxd5 4. d4 Nf6 5. Bd3 Nc6 6. c3 g6 7. O-O Bg7 8. Re1 O-O 9. Bf4 {[#]} h6 $146 {B13: Caro-Kann: Exchange Variation and Panov-Botvinnik Attack.} ({Predecessor:} 9... Bf5 10. Bxf5 gxf5 11. Ne5 e6 12. Nd2 Ne4 13. Nxc6 bxc6 14. Nb3 Qh4 15. g3 Qe7 16. f3 Nf6 17. Qd3 Rae8 18. Nc5 Nh5 19. Bd2 Qd6 20. b4 {0-1 (52) Sveshnikov,V (2419)-Popov,I (2599) Riga 2019}) 10. Qd2 (10. Nbd2 $14) 10... g5 (10... Ne4 $5 11. Bxe4 dxe4 12. Rxe4 g5 $11) 11. Bg3 (11. Be5 $5) 11... Bg4 (11... Ne4 $11 12. Qc2 f5) 12. Ne5 $14 Be6 (12... Nxe5 $14 13. Bxe5 Nh5) 13. Nxc6 $16 bxc6 14. Rxe6 (14. h4 $16) 14... fxe6 $11 15. Na3 Nh5 16. Nc2 Nxg3 17. hxg3 e5 18. dxe5 $1 Bxe5 {aiming for ...Bc7.} 19. Qe2 Qd6 20. Re1 (20. Ne3 $1 $15) 20... Bf6 (20... Bg7 $17 {Threatens to win with ...e5.} 21. Qxe7 Qxe7 22. Rxe7 Rab8) 21. Nd4 (21. Ne3 $1 $11 {keeps the balance.} e5 22. Nf5 {[%mdl 64] Double Attack}) 21... Bxd4 $1 $17 22. cxd4 Rae8 23. Qg4 {[#]} (23. Qc2 $17) 23... Rf6 $1 $19 24. Re5 {intending f4.} Ref8 $2 (24... Qb4 $19 25. Re2 e6) 25. f3 $2 (25. f4 $1 $11) 25... Qd8 $2 {[#]} (25... Qb4 $19 {Hoping for ...Qd2.} 26. Kh2 Qd2) 26. b3 $2 (26. f4 $1 $16 {[%cal Rf4g5] is necessary to keep the advantage.} Qd6 27. fxg5 hxg5 28. Rxg5+ (28. Qxg5+ Kh8 $14) 28... Kh8 29. Bg6) 26... Qe8 ({Better is} 26... Qc8 $17 {And now ...Qxg4 would win.} 27. Qxc8 Rxc8 28. Rxe7 a5) 27. Rxg5+ $2 {[%mdl 8192]} (27. f4 $11 R8f7 28. fxg5) 27... hxg5 28. Qxg5+ Kf7 29. Qh5+ Ke6 30. Qg4+ Kd6 31. f4 Qd7 32. Qe2 Rg8 $4 {[%mdl 8192]} (32... Qe6 $19 33. Qe5+ Kd7 34. Qxe6+ Rxe6) 33. Qe5# {Never resign too early! Accuracy: White = 24%, Black = 35%.} 1-0

[Event "Stay Safe Play From Home 358"]
[Site "Emanuel Lasker Arena"]
[Date "2020.08.05"]
[Round "6"]
[White "Uber_WING"]
[Black "SelamiSahin"]
[Result "0-1"]
[WhiteElo "2295"]
[BlackElo "2147"]
[Annotator "TA"]
[PlyCount "128"]
[EventDate "2020.08.05"]
[EventType "swiss (blitz)"]

{[%evp 9,127,-11,2,3,10,7,10,10,9,-18,-18,-21,-18,-27,-10,-10,-10,-51,-56,-47,2,0,0,-20,-31,-25,-21,-26,0,0,0,-6,-8,-76,-63,-133,-53,-217,-208,-200,-198,-235,-236,-256,-244,-359,-310,-298,-260,-277,-281,-314,-322,-350,-347,-518,-536,-534,-531,-711,-715,-763,-767,-758,-750,-750,-723,-1220,-1199,-1983,-1916,-2441,-2190,-2318,-2012,-1731,-1337,-1348,-1073,-1275,-1029,-975,-928,-1068,-998,-769,-657,-11182,-875,-1051,-1009,-1033,-880,-1050,-1050,-995,-901,-896,-862,-7120,-6406,-12497,-12466,-29964,-29948,-6382,-5174,-29992,-29993,-29994,-29995,-29995,-29996,-29996,-29997,-29997,-29998,-29998,-29999,-29999]} 1. e4 c6 2. Nc3 d5 3. d3 e5 4. f4 exf4 5. Bxf4 dxe4 {[#]} 6. dxe4 $146 {B11: Caro-Kann: Two Knights Variation.} ({Predecessor:} 6. Nxe4 Nf6 7. Qe2 Nxe4 8. Qxe4+ Be6 9. O-O-O Bd6 10. Re1 Qc7 11. g3 Nd7 12. Bh3 {0-1 (55) Fricke,E (1390)-Sereda,Y (1570) Osnabrueck 2018}) 6... Qxd1+ 7. Rxd1 Bb4 8. Bc4 {The position is equal.} Nf6 9. Bd3 Bg4 10. Nf3 O-O 11. Kf2 Re8 12. Rhe1 Nbd7 13. a3 (13. h3 $5 {[%cal Rh3g4]} Bh5 14. Kg1 $11) 13... Bxc3 14. bxc3 Nb6 15. h3 Bh5 16. g4 Bg6 {[%cal Rf6e4]} 17. e5 Nfd5 18. Bd2 Rad8 19. c4 Nc7 20. Bxg6 hxg6 21. c5 (21. Ba5 $11) 21... Nc4 22. Bc1 {[#]} ({Better is} 22. Re4 $15 Nxd2 23. Rxd2) 22... Ne6 (22... Rxd1 $1 $17 23. Rxd1 Ne6) 23. Rd6 $2 {This move loses the game for White.} (23. Rxd8 $15 Rxd8 24. Re4) 23... Nxc5 24. Rxd8 Rxd8 25. Bg5 Rd5 26. Bf4 Ne6 27. Bg3 (27. Bc1 {was called for.}) 27... g5 ({Don't play} 27... Nxa3 28. Ra1 $19) 28. a4 a6 29. Rb1 b5 30. axb5 cxb5 31. Ra1 a5 32. Ne1 (32. h4 $142) 32... Rd2+ $19 33. Kg1 a4 34. Nd3 Rxc2 35. Be1 Nd4 {( -> ...Nf3+)} 36. Bf2 Nf3+ 37. Kg2 Nfxe5 38. Nb4 Rb2 39. Nd5 Nd3 40. Rf1 Rxf2+ 41. Rxf2 Nxf2 42. Kxf2 {[%mdl 4096] Endgame KN-KN} a3 {And now ...a2 would win.} 43. Nb4 Nb2 44. Ke2 Na4 45. Kd3 Nc5+ 46. Kc3 Ne4+ 47. Kb3 Nf2 48. h4 Nh3 49. hxg5 Nxg5 50. Nd5 Ne4 51. Ne7+ Kf8 52. Nf5 Nf6 53. g5 Ne4 54. g6 fxg6 55. Nd4 {[#]} b4 $1 56. Ne6+ (56. Kxb4 a2) 56... Kf7 57. Nd4 {[#]} a2 $1 58. Nf3 (58. Kxa2 Nc5) 58... a1=Q {Black mates.} 59. Ne5+ Qxe5 60. Ka4 Qc3 61. Kb5 b3 62. Ka6 b2 63. Kb7 b1=Q+ 64. Ka8 Qca1# {Accuracy: White = 40%, Black = 71%.} 0-1

[Event "Stay Safe Play From Home 358"]
[Site "Emanuel Lasker Arena"]
[Date "2020.08.05"]
[Round "6"]
[White "Little champs"]
[Black "TheCHESSHOUSE"]
[Result "1-0"]
[WhiteElo "2189"]
[BlackElo "2104"]
[Annotator "TA"]
[PlyCount "101"]
[EventDate "2020.08.05"]
[EventType "swiss (blitz)"]

{[%evp 15,101,16,12,-12,0,-33,-16,-14,17,6,1,0,5,-38,-2,-3,-4,-12,0,-16,0,-28,-28,-39,0,0,0,0,48,50,265,-13,-12,-83,-76,-97,-33,-142,-129,-135,-131,-121,83,-127,-125,-279,-139,-136,-160,-273,-265,-341,-341,-343,-309,-402,-322,-318,-312,-520,-335,-501,-493,-450,-414,-555,-366,-411,0,-738,-725,-720,-714,-659,396,-924,-199,-293,-246,-253,-288,-428,-234,-436,-402,-637,-587,-437]} 1. d4 Nf6 2. e3 g6 3. Nf3 d5 4. Be2 Bg7 5. O-O O-O 6. c4 c6 7. cxd5 cxd5 8. Nc3 Nc6 9. a4 {D94: Grünfeld: 4 Nf3 Bg7 5 e3.} Bf5 {[#]} 10. Bd3 $146 ({Predecessor:} 10. Qb3 b6 11. Qa3 a5 12. Bd2 Ne4 13. Nxe4 dxe4 14. Bb5 Nb4 15. Ne1 e5 16. Bxb4 axb4 17. Qxb4 exd4 18. exd4 Bxd4 {0-1 (41) Jelinek,M (2204)-Chmel,K (2121) Klatovy 2018}) 10... Bg4 11. h3 {The position is equal.} Bd7 (11... Bxf3 $5 12. Qxf3 Rc8 $11) 12. Re1 Rc8 13. Bd2 a6 14. e4 Nb4 15. Bb1 dxe4 16. Nxe4 Nbd5 17. a5 Bb5 18. Qb3 Bc4 19. Qa3 Nxe4 20. Bxe4 e6 21. Rac1 Qd7 22. Ne5 Qb5 $2 {[#]} (22... Bxe5 $1 $14 23. dxe5 Rfe8) 23. Nf3 $2 (23. Nxc4 $18 Rxc4 24. Bd3 {[%mdl 64] Skewer} Rxc1 25. Bxb5 Rxe1+ 26. Bxe1 axb5 27. Qc5) 23... Rfd8 24. Kh1 (24. Ne5 $11 Bb3 25. Bd3) 24... Bf8 $17 25. Qa1 Bb4 (25... Nb4 $17) 26. Bxd5 (26. b3 $15 Bd3 27. Rxc8 Rxc8 28. Bxd5 Bxd2 29. Nxd2 Qxd5 30. Re3) 26... Bxd5 (26... Rxd5 $2 {[#]} 27. b3 $1 $18 {[%mdl 512]}) 27. Bxb4 Qxb4 28. Ne5 Rc6 $2 (28... Kg7 $17 29. Red1 f6) 29. Rcd1 $2 (29. Nxc6 $16 Bxc6 30. Red1) 29... Rc2 $40 {[%mdl 128] White is in trouble.} 30. Ng4 $2 (30. f3 $17 {is a better defense.}) 30... Rdc8 ({Don't play} 30... Qxb2 31. Qxb2 Rxb2 32. Kg1 $19) ({Weaker is} 30... Rxb2 31. Qc1 $11) (30... h5 $19 {and Black stays clearly on top.} 31. Ne5 Rxf2) 31. Nf6+ Kg7 32. Ng4 (32. Nxd5 $17 exd5 33. Qa3 Qxa3 34. bxa3) 32... Rxb2 $19 33. Rc1 Rcc2 34. Rxc2 Rxc2 35. Qd1 Qd2 36. Qxd2 Rxd2 {[%mdl 4096] Endgame KRB-KRN} 37. Ne5 $2 (37. Ne3) 37... Ra2 38. Nd7 (38. f3 $142 f6 39. Nd7) 38... Rxa5 39. Nb6 Rb5 40. Nd7 Bc4 41. Ne5 Bd5 $2 (41... Ba2 $19 {aiming for ...Rb1.} 42. Kh2 f6) 42. f4 $2 {[%mdl 8192]} (42. Nd7 $11 Rb2 43. Kg1) 42... Rb2 43. Kg1 Rxg2+ 44. Kf1 Re2 $4 {[%mdl 8192]} (44... Rd2 $19 45. Ra1 Rxd4) 45. f5 $4 {[%mdl 8192]} ({Less strong is} 45. Rxe2 f6 $18) (45. Kxe2 $18 f6 46. Nd3) 45... Bc4 $2 (45... Rxe1+ 46. Kxe1 gxf5) 46. Rxe2 (46. Nxc4 $142 Rxe1+ 47. Kxe1) 46... Bxe2+ 47. Kxe2 gxf5 48. Ke3 (48. Nc4 {was the only defense.}) 48... b5 (48... a5 $142 49. Kd2 Kf6) 49. Kd2 $2 (49. Nc6 {is the only way for White.}) 49... Kf6 50. Kc3 (50. Nc6 $142 f4 51. Ke2) 50... f4 51. Nf3 {[%mdl 32768] Accuracy: White = 28%, Black = 36%. . Loss on time!?} 1-0